أجناد الروم

محفوظ في:

المؤلف الرئيسي: سيد البارز العرينى.

التنسيق: كتاب

اللغة: Undetermined

منشور في: Cairo Al Nahda Press 1956

الوسوم: إضافة وسم

لا توجد وسوم, كن أول من يضع وسما على هذه التسجيلة!

رقم الطلب: N25 NRIN

LEADER 00350nam a2200121Ia 4500
008 240404s9999||||xx |||||||||||||| ||und||
050 4 |a N25 NRIN 
100 1 |a سيد البارز العرينى. 
245 1 0 |a أجناد الروم  |c سيد البارز العرينى 
264 1 |a Cairo  |b Al Nahda Press  |c 1956 
300 |a 23  |c 24 
942 |2 lcc  |c BK 
999 |c 57942  |d 57942